000 00731nam a2200241Ia 4500
005 20260430150333.0
008 008 250103s9999 xx 000 0 eng d
037 _aTheses
040 _aCRL
040 _beng
040 _ceng
041 _2eng
041 _aeng
084 _qCRL
100 _aNeelam Au.; Dasgupta Indranil Gu.
_91237185
245 0 _aMolecular Basis of Virus Induced Gene Silencing in Rice and Gene Expression Landscape of Virus Infected Nicotiana Benthamiana
260 _c2023
300 _a127p.
650 _aBiology; Plants
700 _aUniversity of Delhi. Faculty of Inter- Disciplinary & Applied Science. Deptt. of Plant Moleculer Biology
942 _cTH
999 _c1849543
_d1849543